[Event "SR 4. liga A21 2016/2017"]
[Site "?"]
[Date "2017.02.12"]
[Round "9.1"]
[White "Sadlon, Juraj"]
[Black "Brunovsky, Peter"]
[Result "1/2-1/2"]
[WhiteElo "1873"]
[BlackElo "1827"]
[PlyCount "48"]
[EventDate "2016.??.??"]

1. e4 c6 2. d4 d5 3. Nc3 dxe4 4. Nxe4 Nf6 5. Nxf6+ gxf6 6. Bc4 Bf5 7. Ne2 e6 8.
Bf4 Bd6 9. c3 Qc7 10. Qd2 Nd7 11. h4 h5 12. O-O-O O-O-O 13. Bd3 Bxd3 14. Bxd6
Qxd6 15. Qxd3 Qd5 16. g3 Qxa2 17. Qc2 Kb8 18. b3 Qxc2+ 19. Kxc2 f5 20. Nf4 Nf6
21. Rhe1 Rd6 22. Re2 Rhd8 23. Nd3 Rg8 24. Ne5 Rg7 1/2-1/2

[Event "SR 4. liga A21 2016/2017"]
[Site "?"]
[Date "2017.02.12"]
[Round "9.1"]
[White "Kanka, Tomas"]
[Black "Skapikova, Lubica"]
[Result "1-0"]
[WhiteElo "1682"]
[BlackElo "1896"]
[PlyCount "69"]
[EventDate "2016.??.??"]

1. e4 e5 2. Nf3 Nc6 3. Bc4 Be7 4. O-O d6 5. h3 Nf6 6. Nc3 Na5 7. Qe2 Nxc4 8.
Qxc4 c6 9. a4 Be6 10. Qe2 O-O 11. d4 Qc7 12. Rd1 Rfd8 13. dxe5 dxe5 14. Rxd8+
Rxd8 15. Be3 a5 16. Ng5 Bc8 17. Qc4 Bb4 18. Bb6 Qxb6 19. Nxf7 Nd5 20. Nxd8 Qxd8
21. exd5 Qd6 22. dxc6+ Be6 23. Qd3 Qxc6 24. Re1 Qc7 25. Nd5 Qc5 26. Nxb4 axb4
27. c3 b3 28. Qb5 Qc8 29. Rxe5 Kf7 30. Rc5 Qb8 31. a5 Kg8 32. a6 b6 33. Rc6 Qf4
34. Qe2 Bd7 35. Qc4+ 1-0

[Event "SR 4. liga A21 2016/2017"]
[Site "?"]
[Date "2017.02.12"]
[Round "9.1"]
[White "Pericka, Pavol"]
[Black "Vlk, Jaroslav"]
[Result "1-0"]
[WhiteElo "1797"]
[BlackElo "1476"]
[PlyCount "33"]
[EventDate "2016.??.??"]

1. e4 e5 2. Bc4 Nf6 3. Nf3 Nc6 4. Ng5 d5 5. exd5 Nxd5 6. Nxf7 Kxf7 7. Qf3+ Ke6
8. Nc3 Nce7 9. d4 Qd6 10. O-O c6 11. dxe5 Qc5 12. Bb3 g6 13. Qf6+ Kd7 14. Qxh8
Ke8 15. Ne4 Qd4 16. Nd6+ Kd7 17. e6+ 1-0

[Event "SR 4. liga A21 2016/2017"]
[Site "?"]
[Date "2017.02.12"]
[Round "9.1"]
[White "Ralbovsky, Milan"]
[Black "Brath, Zdeno"]
[Result "0-1"]
[WhiteElo "1520"]
[BlackElo "1524"]
[PlyCount "72"]
[EventDate "2016.??.??"]

1. e4 e5 2. Nf3 Nc6 3. Nc3 Bc5 4. d3 d6 5. a3 h6 6. Nd5 Nf6 7. b4 Bb6 8. Nxb6
axb6 9. h3 Be6 10. Be3 b5 11. Be2 O-O 12. O-O d5 13. Bc5 Re8 14. exd5 Nxd5 15.
Qd2 Qf6 16. d4 e4 17. Nh2 Qg6 18. g4 f5 19. Kh1 Qf7 20. Bxb5 Bd7 21. c4 e3 22.
fxe3 Nxe3 23. Rf3 Nxc4 24. Qc3 Be6 25. Kg1 f4 26. Bxc6 bxc6 27. a4 Bd5 28. Rf2
Re3 29. Qc1 Rg3+ 30. Kf1 Ne3+ 31. Ke2 Re8 32. Nf3 Bxf3+ 33. Rxf3 Rxf3 34. Kxf3
Qd5+ 35. Kxf4 g5+ 36. Kg3 Qg2# 0-1

[Event "SR 4. liga A21 2016/2017"]
[Site "?"]
[Date "2017.02.12"]
[Round "9.1"]
[White "Svarc, Vaclav"]
[Black "Ralbovsky, Dominik"]
[Result "1-0"]
[WhiteElo "1185"]
[BlackElo "1000"]
[PlyCount "81"]
[EventDate "2016.??.??"]

1. e4 e5 2. Nf3 Nc6 3. Bc4 h6 4. c3 Nf6 5. d3 Be7 6. Be3 O-O 7. Nbd2 d6 8. d4
Bd7 9. O-O a6 10. b4 Ng4 11. d5 Na7 12. Nb3 Ba4 13. Nfd2 Nxe3 14. fxe3 Bg5 15.
Qe1 Qd7 16. Qe2 Bb5 17. Na5 b6 18. Nab3 c5 19. bxc5 bxc5 20. Bxb5 Qxb5 21. Nc4
Bd8 22. Rf2 Bc7 23. Rb1 Qa4 24. Nbd2 Rab8 25. Nb2 Qxa2 26. Nd3 Nb5 27. Rbf1 f6
28. Rf3 Nxc3 29. Qf2 Bd8 30. Qg3 Qxd2 31. Nf2 a5 32. Ng4 Nxe4 33. Nxh6+ Kh8 34.
Qg4 Rb2 35. Nf5 Rf7 36. Rh3+ Kg8 37. Nh6+ Kf8 38. Nxf7 Kxf7 39. Qe6+ Kg6 40.
Qe8+ Kg5 41. Qh5# 1-0

[Event "SR 4. liga A21 2016/2017"]
[Site "?"]
[Date "2017.02.12"]
[Round "9.2"]
[White "Trojkova, Michaela"]
[Black "Lajda, Dusan"]
[Result "0-1"]
[WhiteElo "1691"]
[BlackElo "1778"]
[PlyCount "150"]
[EventDate "2016.??.??"]

1. e4 c5 2. Nf3 d6 3. Bb5+ Bd7 4. Qe2 Nc6 5. c3 Nf6 6. d4 a6 7. Bd3 cxd4 8.
Nxd4 Ne5 9. Bc2 Rc8 10. Nd2 g6 11. O-O Bg7 12. h3 O-O 13. N2f3 Nxf3+ 14. Nxf3
Qc7 15. e5 Bb5 16. Bd3 Bxd3 17. Qxd3 dxe5 18. Qe2 Nd5 19. Re1 f6 20. Bd2 Rfd8
21. Rac1 b5 22. b3 Nb6 23. Be3 Rd7 24. Bxb6 Qxb6 25. Red1 Rxd1+ 26. Qxd1 Qd6
27. Qe2 Rd8 28. c4 Bh6 29. c5 Qc6 30. Rc2 e4 31. Nh2 f5 32. b4 Kf7 33. Nf1 Bf4
34. Ne3 e6 35. Rd2 Rxd2 36. Qxd2 Bc7 37. Nc2 Qd5 38. Qxd5 exd5 39. Kf1 Be5 40.
Ke2 d4 41. Kd2 Bf4+ 42. Kd1 Ke6 43. Nxd4+ Kd5 44. Ne2 Be5 45. Kc2 Kc4 46. a3 a5
47. bxa5 Kxc5 48. Kb3 Bc7 49. a6 Bb6 50. a4 bxa4+ 51. Kxa4 Kc4 52. Ng3 Bxf2 53.
Ka5 Ba7 54. h4 e3 55. Ne2 Kd3 56. Nf4+ Kd2 57. Kb5 e2 58. Nxe2 Kxe2 59. Kc6 Kf2
60. Kb7 Be3 61. a7 Bxa7 62. Kxa7 Kxg2 63. Kb6 f4 64. Kc6 f3 65. Kd6 f2 66. Ke6
f1=Q 67. h5 Qe2+ 68. Kf6 gxh5 69. Kg5 h6+ 70. Kxh6 h4 71. Kg5 h3 72. Kh4 Qe4+
73. Kg5 h2 74. Kf6 h1=Q 75. Kg5 Qhh4# 0-1

[Event "SR 4. liga A21 2016/2017"]
[Site "?"]
[Date "2017.02.12"]
[Round "9.2"]
[White "Orvisky, Vladimir"]
[Black "Ulehla, Jakub"]
[Result "1-0"]
[WhiteElo "1765"]
[BlackElo "1635"]
[PlyCount "87"]
[EventDate "2016.??.??"]

1. c4 e5 2. Nc3 Nc6 3. g3 Nf6 4. Nf3 d6 5. Bg2 Be6 6. d3 h6 7. Qb3 Rb8 8. a4 a6
9. O-O Be7 10. Bd2 O-O 11. Nd5 Qd7 12. Nxe7+ Nxe7 13. Rfc1 Ng6 14. Qd1 c6 15.
Bc3 Qc7 16. d4 exd4 17. Nxd4 Bxc4 18. Nf5 Be6 19. Qxd6 Qxd6 20. Nxd6 Rfd8 21.
Rd1 Nd5 22. Ne4 Nxc3 23. Nxc3 Kf8 24. b4 Ke7 25. b5 Rxd1+ 26. Rxd1 axb5 27.
axb5 cxb5 28. Nxb5 b6 29. Nd4 Kf6 30. Rb1 Bd7 31. f4 b5 32. e4 b4 33. e5+ Ke7
34. Bd5 Rb6 35. Rc1 Kd8 36. Ra1 Ke7 37. Ra7 Kd8 38. Ra8+ Ke7 39. Nb3 Be8 40.
Nc5 Rb5 41. Ra7+ Kf8 42. Rc7 Rb6 43. Bxf7 Bb5 44. Ne6+ 1-0

[Event "SR 4. liga A21 2016/2017"]
[Site "?"]
[Date "2017.02.12"]
[Round "9.2"]
[White "Celustkova, Lubica"]
[Black "Krchnak, Rudolf"]
[Result "1-0"]
[WhiteElo "1697"]
[BlackElo "1699"]
[PlyCount "129"]
[EventDate "2016.??.??"]

1. e4 c5 2. Nf3 d6 3. Bb5+ Bd7 4. Bxd7+ Nxd7 5. c4 Ngf6 6. Nc3 e6 7. O-O Be7 8.
d4 cxd4 9. Nxd4 a6 10. b3 O-O 11. Bb2 Qc7 12. f4 Rad8 13. Kh1 Nc5 14. Qe2 Rfe8
15. Rad1 Bf8 16. Qf3 g6 17. Nde2 Bg7 18. Ng3 Qc6 19. Ba1 b5 20. b4 Nb7 21. cxb5
axb5 22. Qe2 Qc4 23. Nxb5 Qxe2 24. Nxe2 Nxe4 25. Bxg7 Kxg7 26. a4 d5 27. Ned4
Nbd6 28. Nxd6 Nxd6 29. a5 Nc4 30. Ra1 Ra8 31. a6 Reb8 32. b5 Nb6 33. Rfb1 Rc8
34. Nc6 Kf8 35. Rc1 Ke8 36. Kg1 f6 37. Kf2 Kd7 38. Nb4 Rxc1 39. Rxc1 Nc4 40.
Nd3 Kc7 41. Nb2 Kb6 42. Nxc4+ dxc4 43. Rxc4 Kxb5 44. Rc7 Rxa6 45. Rxh7 e5 46.
fxe5 fxe5 47. Re7 Rf6+ 48. Ke3 Rf5 49. g4 Rg5 50. h3 Kc6 51. Ke4 Kd6 52. Re8
Kd7 53. Rxe5 Rxe5+ 54. Kxe5 Ke7 55. Kf4 Kf6 56. h4 g5+ 57. Kg3 gxh4+ 58. Kxh4
Kg6 59. Kg3 Kf6 60. Kf4 Kg6 61. g5 Kf7 62. Kf5 Kg7 63. g6 Kf8 64. Kf6 Kg8 65.
g7 1-0

[Event "SR 4. liga A21 2016/2017"]
[Site "?"]
[Date "2017.02.12"]
[Round "9.2"]
[White "Jancovicova, Petra"]
[Black "Buran, Andrej Ml"]
[Result "0-1"]
[WhiteElo "1661"]
[BlackElo "1577"]
[PlyCount "134"]
[EventDate "2016.??.??"]

1. e4 e5 2. Nf3 Nc6 3. d4 exd4 4. Nxd4 Bc5 5. Be3 Qf6 6. c3 Nge7 7. Be2 O-O 8.
O-O d5 9. Nxc6 Qxc6 10. exd5 Nxd5 11. Bxc5 Qxc5 12. Nd2 Nf4 13. Ne4 Qe5 14. Ng3
Be6 15. Re1 Rad8 16. Qc2 Qg5 17. Bf3 Bd5 18. Ne4 Bxe4 19. Qxe4 Rd2 20. Kh1 Rxf2
21. g3 Nh3 22. Re2 Qf6 23. Bg2 Ng5 24. Qe3 Rxe2 25. Qxe2 c6 26. Rf1 Qe6 27.
Qxe6 Nxe6 28. Rd1 Rd8 29. Rxd8+ Nxd8 30. Kg1 Ne6 31. Kf2 Nc5 32. b3 Kf8 33. Ke3
Ke7 34. Kd4 Kd6 35. Bh3 Ne6+ 36. Kd3 Ng5 37. Bg2 f5 38. Ke3 Ke5 39. a4 Ne4 40.
c4 Nc5 41. b4 Nxa4 42. b5 cxb5 43. cxb5 Nc3 44. Bxb7 Nxb5 45. Kd3 f4 46. gxf4+
Kxf4 47. Ba8 Kg4 48. Bc6 Nd6 49. Bd7+ Kf4 50. Kd4 Nf5+ 51. Kc5 Nh4 52. Kb5 Nf3
53. h3 Kg3 54. Ka6 Ng5 55. Kxa7 Nxh3 56. Kb6 h5 57. Kc5 g5 58. Kd4 Kh4 59. Ke3
g4 60. Ke2 Kg3 61. Bc6 h4 62. Kf1 Nf2 63. Kg1 h3 64. Ba8 h2+ 65. Kf1 h1=Q+ 66.
Bxh1 Nxh1 67. Kg1 Kf3 0-1

[Event "SR 4. liga A21 2016/2017"]
[Site "?"]
[Date "2017.02.12"]
[Round "9.2"]
[White "Hrdlicka, Martin"]
[Black "Madzo, Anton"]
[Result "1-0"]
[WhiteElo "1345"]
[BlackElo "1499"]
[PlyCount "45"]
[EventDate "2016.??.??"]

1. e4 e5 2. Nf3 d6 3. d4 exd4 4. Nxd4 Nf6 5. Nc3 Bd7 6. Be3 Be7 7. Be2 O-O 8.
Qd2 Nc6 9. O-O-O a6 10. f3 b5 11. g4 Be6 12. Nxc6 Qd7 13. Nd5 Bxd5 14. exd5 Ne8
15. h4 f5 16. g5 g6 17. h5 Kf7 18. f4 Rg8 19. hxg6+ hxg6 20. Rh7+ Ng7 21. Qc3
Bf8 22. Qf6+ Ke8 23. Qxg6+ 1-0

[Event "SR 4. liga A21 2016/2017"]
[Site "?"]
[Date "2017.02.12"]
[Round "9.3"]
[White "Lanik, Miroslav"]
[Black "Klimes, Karel"]
[Result "1/2-1/2"]
[WhiteElo "1859"]
[BlackElo "1645"]
[PlyCount "32"]
[EventDate "2016.??.??"]

1. e4 e5 2. d4 exd4 3. Qxd4 Nc6 4. Qe3 d6 5. Nc3 Be6 6. Bd2 Nge7 7. O-O-O Qd7
8. f4 f6 9. Nf3 O-O-O 10. Bb5 Qe8 11. Rhe1 Qf7 12. Kb1 g6 13. Bc1 Kb8 14. b3
Bg7 15. Bb2 a6 16. Be2 Rhe8 1/2-1/2

[Event "SR 4. liga A21 2016/2017"]
[Site "?"]
[Date "2017.02.12"]
[Round "9.3"]
[White "Wallner, Juraj"]
[Black "Huska, Branislav"]
[Result "1-0"]
[WhiteElo "1536"]
[BlackElo "1803"]
[PlyCount "53"]
[EventDate "2016.??.??"]

1. e4 c5 2. Nf3 d6 3. d4 cxd4 4. Nxd4 Nf6 5. Nc3 a6 6. Be2 e5 7. Nf3 Be7 8. h3
b5 9. Be3 Bb7 10. Nd5 Nxd5 11. exd5 Nd7 12. c4 bxc4 13. Bxc4 Nb6 14. Bxb6 Qxb6
15. Qa4+ Kf8 16. O-O g6 17. Bb3 Kg7 18. Rac1 Rhc8 19. Qd7 Bf6 20. Nd2 e4 21.
Nxe4 Bxb2 22. Rxc8 Rxc8 23. Nxd6 Rc7 24. Ne8+ Kg8 25. Qxc7 Qxc7 26. Nxc7 Be5
27. Rc1 1-0

[Event "SR 4. liga A21 2016/2017"]
[Site "?"]
[Date "2017.02.12"]
[Round "9.3"]
[White "Fidericky, Milan"]
[Black "Vozarova, Adriana"]
[Result "0-1"]
[WhiteElo "1739"]
[BlackElo "1607"]
[PlyCount "60"]
[EventDate "2016.??.??"]

1. d4 d5 2. c4 e6 3. Nc3 Nf6 4. Nf3 Nbd7 5. Bg5 Be7 6. e3 O-O 7. Rc1 b6 8. Bd3
Bb7 9. O-O Rc8 10. Ne5 h6 11. Bf4 c5 12. cxd5 Nxe5 13. dxe5 Nxd5 14. Nxd5 Qxd5
15. e4 Qd4 16. Qf3 c4 17. Bb1 Qxb2 18. Qh5 Rfd8 19. Rc2 Qd4 20. Re2 c3 21. Be3
Qc4 22. Qg4 Kh7 23. f4 Ba6 24. Rfe1 Rd7 25. f5 Rcd8 26. Rf2 Bc5 27. Bxc5 Qxc5
28. fxe6 fxe6 29. Qxe6 Rd1 30. Qf5+ Kh8 0-1

[Event "SR 4. liga A21 2016/2017"]
[Site "?"]
[Date "2017.02.12"]
[Round "9.3"]
[White "Tomasovic, Pavol"]
[Black "Barcaj, Jaroslav"]
[Result "0-1"]
[WhiteElo "1278"]
[BlackElo "1665"]
[PlyCount "82"]
[EventDate "2016.??.??"]

1. e4 c5 2. Nf3 Nc6 3. d4 cxd4 4. Nxd4 e6 5. Nc3 a6 6. Be2 Bb4 7. O-O Nf6 8.
Nxc6 bxc6 9. Bg5 Be7 10. Qd4 O-O 11. f4 Qa5 12. Qd3 Qc5+ 13. Kh1 d5 14. e5 Nd7
15. Bxe7 Qxe7 16. Rad1 Bb7 17. Qg3 f5 18. Bd3 c5 19. b3 d4 20. Ne2 Nb6 21. c3
Rad8 22. cxd4 cxd4 23. Bc2 Rd7 24. Rxd4 Bd5 25. Rfd1 Rfd8 26. Kg1 Qa3 27. Bb1
Rc8 28. Nc3 Qc5 29. Nxd5 Rxd5 30. Qd3 Rxd4 31. Qxd4 Qxd4+ 32. Rxd4 Rc1+ 33. Kf2
Rxb1 34. Rd6 Nd5 35. Rxa6 Nxf4 36. Kf3 g5 37. g3 Rf1+ 38. Ke3 Re1+ 39. Kd4 Re4+
40. Kc3 Nd5+ 41. Kd3 Nb4+ 0-1

[Event "SR 4. liga A21 2016/2017"]
[Site "?"]
[Date "2017.02.12"]
[Round "9.3"]
[White "Bendzela, Tibor"]
[Black "Fajtakova, Silvia"]
[Result "1-0"]
[WhiteElo "1690"]
[BlackElo "1310"]
[PlyCount "43"]
[EventDate "2016.??.??"]

1. e4 e5 2. d4 exd4 3. Qxd4 Nc6 4. Qe3 b6 5. Nc3 Bc5 6. Qf4 Nd4 7. Bd3 Ne6 8.
Qg3 h6 9. Bd2 Ne7 10. O-O-O O-O 11. Bxh6 Ng6 12. Bd2 a5 13. f4 Nd4 14. h4 Ba6
15. Bxa6 Rxa6 16. h5 Nc6 17. hxg6 Bxg1 18. Rdxg1 Qb8 19. f5 b5 20. Rh8+ Kxh8
21. Qh3+ Kg8 22. Qh7# 1-0

[Event "SR 4. liga A21 2016/2017"]
[Site "?"]
[Date "2017.02.12"]
[Round "9.4"]
[White "Curidlo, Jan"]
[Black "Zlamal, Marek"]
[Result "0-1"]
[WhiteElo "1896"]
[BlackElo "1811"]
[PlyCount "156"]
[EventDate "2016.??.??"]

1. e4 e5 2. Nf3 Nc6 3. Bb5 d6 4. h3 Bd7 5. c3 Nf6 6. d3 Be7 7. Be3 a6 8. Ba4 b5
9. Bc2 O-O 10. Nbd2 Ne8 11. O-O f5 12. exf5 Bxf5 13. Ne4 Nf6 14. Ng3 Bg6 15.
Ng5 Qd7 16. Bb3+ Kh8 17. f4 exf4 18. Bxf4 Ne5 19. Be6 Qc6 20. Nf5 Bxf5 21. Bxf5
Nd5 22. Be4 Rxf4 23. Rxf4 Bxg5 24. Qh5 h6 25. Rff1 Qb6+ 26. Kh1 c6 27. d4 Nf6
28. Rxf6 Bxf6 29. dxe5 dxe5 30. Qg6 Kg8 31. Rf1 Rf8 32. Qh7+ Kf7 33. Qg6+ Ke7
34. Rf3 Qc7 35. Bf5 Rd8 36. Bc2 Rd2 37. Bb3 Qd6 38. Qf7+ Kd8 39. Rf1 Rxb2 40.
Qg8+ Kc7 41. Qa8 Kb6 42. Qe8 Rd2 43. Rf3 c5 44. c4 Bd8 45. cxb5 axb5 46. a4 Qd7
47. Qxe5 Bc7 48. Qa1 c4 49. axb5 cxb3 50. Qa6+ Kc5 51. Qa3+ Kxb5 52. Qxb3+ Ka6
53. Rf1 Rd5 54. Rc1 Bb6 55. Ra1+ Kb7 56. Qf3 Qc6 57. Qf7+ Rd7 58. Qf8 Ba5 59.
Rb1+ Ka6 60. Qf1+ Ka7 61. Ra1 Kb6 62. Qf2+ Ka6 63. Qe2+ Qb5 64. Qe6+ Kb7 65.
Qe4+ Kc7 66. Rc1+ Kd8 67. Rb1 Qd5 68. Qf4 Qd6 69. Qf3 Bc7 70. Qa8+ Ke7 71. Re1+
Kf6 72. Qf3+ Qf4 73. Qc6+ Bd6 74. Kg1 Qd4+ 75. Kh1 Rc7 76. Qf3+ Qf4 77. Qxf4+
Bxf4 78. g3 Rc1 0-1

[Event "SR 4. liga A21 2016/2017"]
[Site "?"]
[Date "2017.02.12"]
[Round "9.4"]
[White "Vach, Jozef"]
[Black "Musaev, Urmat"]
[Result "0-1"]
[WhiteElo "1706"]
[BlackElo "1766"]
[PlyCount "68"]
[EventDate "2016.??.??"]

1. d4 d5 2. Nf3 Nf6 3. c4 e6 4. Nc3 c5 5. Bg5 cxd4 6. Qxd4 Nc6 7. Bxf6 gxf6 8.
Qd3 d4 9. Ne4 f5 10. Ned2 e5 11. e4 Nb4 12. Qb3 Qc7 13. a3 fxe4 14. axb4 exf3
15. Nxf3 Bg7 16. Nd2 O-O 17. Be2 Be6 18. Qd3 f5 19. f3 Qe7 20. b5 Qh4+ 21. g3
Qh3 22. Bf1 Qh6 23. Bg2 a6 24. bxa6 bxa6 25. Kf2 Bc8 26. Rhe1 Rb8 27. Rab1 e4
28. Nxe4 fxe4 29. Qxe4 Bf5 30. Qd5+ Kh8 31. Ra1 Rxb2+ 32. Kg1 Bh3 33. Re4 Bxg2
34. Rh4 Qe3# 0-1

[Event "SR 4. liga A21 2016/2017"]
[Site "?"]
[Date "2017.02.12"]
[Round "9.4"]
[White "Musaev, Matej Elbek"]
[Black "Kovarik, Oto"]
[Result "1-0"]
[WhiteElo "1731"]
[BlackElo "1769"]
[PlyCount "97"]
[EventDate "2016.??.??"]

1. e4 c5 2. Nf3 e6 3. d4 cxd4 4. Nxd4 Nc6 5. Nc3 a6 6. a4 d6 7. Bc4 Be7 8. Be3
Nf6 9. O-O O-O 10. f3 Qc7 11. Bb3 Bd7 12. Qe1 Rac8 13. Rd1 Rfd8 14. Qg3 Nh5 15.
Qf2 g6 16. Nde2 Ng7 17. Bb6 Qb8 18. Bxd8 Rxd8 19. Kh1 Be8 20. Nd4 Bf6 21. Nde2
b5 22. axb5 axb5 23. Ra1 b4 24. Nd1 d5 25. exd5 exd5 26. Ne3 d4 27. Nd5 Qe5 28.
f4 Qd6 29. Nxf6+ Qxf6 30. Rfd1 Nf5 31. Rd3 Ne3 32. Nxd4 Nxd4 33. Qxe3 Nxb3 34.
Rxd8 Qxd8 35. Qxb3 Qd4 36. Re1 Bc6 37. c3 Qf2 38. Rg1 Qxf4 39. Qxb4 Qe5 40. Qd4
Qg5 41. b4 h5 42. c4 h4 43. h3 f5 44. Qd6 Be4 45. Qe6+ Kh7 46. Qe5 Ba8 47. Qe6
Qg3 48. Qf7+ Kh6 49. Qf8+ 1-0

[Event "SR 4. liga A21 2016/2017"]
[Site "?"]
[Date "2017.02.12"]
[Round "9.4"]
[White "Stehlik, Jan"]
[Black "Sedlak, Rastislav"]
[Result "1/2-1/2"]
[WhiteElo "1586"]
[BlackElo "1671"]
[PlyCount "63"]
[EventDate "2016.??.??"]

1. e4 e5 2. Nf3 Nc6 3. Bc4 Nf6 4. Ng5 d5 5. exd5 Na5 6. Bb5+ c6 7. dxc6 bxc6 8.
Be2 h6 9. Nf3 e4 10. Ne5 Be7 11. d4 exd3 12. Nxd3 O-O 13. O-O Bf5 14. b3 Qc7
15. Ba3 Rfd8 16. Bxe7 Qxe7 17. Qd2 Nb7 18. Re1 Nc5 19. Qb4 Nfd7 20. Bg4 Qg5 21.
Bxf5 Qxf5 22. Nxc5 Qxc5 23. Qxc5 Nxc5 24. Nc3 Rd2 25. Re2 Rad8 26. Rae1 a5 27.
h3 Kf8 28. Rxd2 Rxd2 29. Re2 Rd6 30. Kf1 f6 31. Ke1 Ne6 32. Kf1 1/2-1/2

[Event "SR 4. liga A21 2016/2017"]
[Site "?"]
[Date "2017.02.12"]
[Round "9.4"]
[White "Stolar, Michal"]
[Black "Benak, Peter"]
[Result "1/2-1/2"]
[WhiteElo "1630"]
[BlackElo "1576"]
[PlyCount "77"]
[EventDate "2016.??.??"]

1. c4 Nf6 2. Nc3 c5 3. g3 Nc6 4. Bg2 g6 5. e3 Bg7 6. Nge2 O-O 7. O-O e6 8. d4
cxd4 9. exd4 d5 10. cxd5 Nxd5 11. Nxd5 exd5 12. Be3 Be6 13. Qd2 b5 14. Rac1 Rc8
15. Nf4 Ne7 16. Qb4 Qd7 17. b3 a6 18. Ne2 Rxc1 19. Rxc1 Rc8 20. Rxc8+ Nxc8 21.
Qd2 h5 22. h4 Qd8 23. Nf4 Ne7 24. Nxe6 fxe6 25. Bg5 Qc7 26. Bf4 Qb6 27. Be3 Nc6
28. Bh3 Kf7 29. Qd1 Nxd4 30. Qd3 Nf3+ 31. Kf1 Bd4 32. Bxe6+ Qxe6 33. Bxd4 Qe1+
34. Kg2 Nxd4 35. Qxd4 Qe4+ 36. Qxe4 dxe4 37. f3 exf3+ 38. Kxf3 Ke6 39. Ke4
1/2-1/2

[Event "SR 4. liga A21 2016/2017"]
[Site "?"]
[Date "2017.02.12"]
[Round "9.5"]
[White "Slaby, Jozef"]
[Black "Kubis, Ivan"]
[Result "0-1"]
[WhiteElo "1762"]
[BlackElo "1918"]
[PlyCount "116"]
[EventDate "2016.??.??"]

1. Nf3 Nf6 2. c4 e6 3. g3 d5 4. cxd5 exd5 5. Bg2 Be7 6. O-O O-O 7. d3 c5 8.
Nbd2 Nc6 9. b3 Bg4 10. Bb2 Rc8 11. Rc1 b6 12. Ne5 Nxe5 13. Bxe5 Qd7 14. Nf3 Qf5
15. Bb2 Qh5 16. h4 Rfe8 17. Rc2 Bd6 18. Qa1 d4 19. Rfc1 Rcd8 20. b4 Nd5 21.
bxc5 bxc5 22. a3 h6 23. Re1 Re7 24. Qd1 Rde8 25. Rd2 Nb6 26. Qc2 f5 27. a4 f4
28. a5 Nd5 29. Nh2 Nb4 30. Qb3+ Be6 31. Qa4 fxg3 32. Nf3 gxf2+ 33. Kxf2 Bf4 34.
Rh1 Bxd2 35. Nxd2 Bg4 36. Be4 Bxe2 37. Bxd4 cxd4 38. Qxb4 Rxe4 39. dxe4 Rf8+
40. Ke1 d3 41. Qd4 Qxa5 42. Rg1 Rf7 43. Qb2 Qc5 44. Rg2 Qa5 45. Rf2 Rxf2 46.
Kxf2 Qb6+ 47. Qxb6 axb6 48. Ke3 Kf7 49. Kf4 Ke6 50. Nb3 g5+ 51. hxg5 hxg5+ 52.
Kxg5 Ke5 53. Nd2 b5 54. Kh4 Kf4 55. e5 Kxe5 56. Kg3 Kd4 57. Kf2 Kc3 58. Ke3 b4
0-1

[Event "SR 4. liga A21 2016/2017"]
[Site "?"]
[Date "2017.02.12"]
[Round "9.5"]
[White "Bilovsky, Milan"]
[Black "Slaba, Andrea"]
[Result "0-1"]
[WhiteElo "1936"]
[BlackElo "1821"]
[PlyCount "74"]
[EventDate "2016.??.??"]

1. e4 e6 2. d4 d5 3. exd5 exd5 4. Nf3 Bd6 5. Nc3 Ne7 6. Bg5 Be6 7. Be2 Nbc6 8.
O-O Qd7 9. Nb5 O-O-O 10. c3 f6 11. Bh4 g5 12. Nxd6+ Qxd6 13. Bg3 Qd7 14. b4 h5
15. h4 Rdg8 16. hxg5 fxg5 17. Ne5 Nxe5 18. Bxe5 Rh6 19. Bxh5 g4 20. Bxg4 Bxg4
21. Qd2 Rhg6 22. f3 Bh3 23. Rf2 Bxg2 24. Rxg2 Rxg2+ 25. Qxg2 Rxg2+ 26. Kxg2 b6
27. a4 a6 28. a5 b5 29. Re1 Ng6 30. Bg3 Qf7 31. Kf2 Nf4 32. Re3 Qf5 33. Bxf4
Qxf4 34. Ke2 Qh2+ 35. Ke1 Kb7 36. Re2 Qf4 37. Kf2 Qc1 0-1

[Event "SR 4. liga A21 2016/2017"]
[Site "?"]
[Date "2017.02.12"]
[Round "9.5"]
[White "Vagovic, Milan"]
[Black "Zajicek, Ferdinand"]
[Result "0-1"]
[WhiteElo "1634"]
[BlackElo "1788"]
[PlyCount "118"]
[EventDate "2016.??.??"]

1. d4 c5 2. e3 cxd4 3. exd4 e6 4. Nf3 Nc6 5. c4 Nf6 6. Nc3 Bb4 7. Qc2 h6 8. Bd3
O-O 9. O-O Qa5 10. Bf4 Nh5 11. Bd2 Nf6 12. Bf4 Nh5 13. Bd2 Nf6 14. Bf4 Qh5 15.
a3 Bxc3 16. Qxc3 b6 17. Rfe1 Bb7 18. b4 Ne7 19. Be2 Rfc8 20. Rac1 Qf5 21. Bg3
Ne4 22. Qd3 Nxg3 23. hxg3 Rc7 24. Qe3 Bxf3 25. gxf3 Rac8 26. Kg2 Qf6 27. Red1
Nf5 28. Qd2 Qg5 29. f4 Qf6 30. c5 d6 31. Ba6 Rb8 32. c6 Ne7 33. Bb5 Qf5 34. Be2
Rxc6 35. Rxc6 Nxc6 36. d5 Qxd5+ 37. Qxd5 exd5 38. Rxd5 Rd8 39. Bc4 Ne7 40. Rd3
g6 41. g4 Kg7 42. g5 f6 43. gxh6+ Kxh6 44. b5 Kg7 45. Kf3 Kf8 46. Kg4 d5 47.
Bb3 Kf7 48. Rd4 Ke6 49. a4 Kd6 50. Rd2 Rc8 51. Bd1 Rc4 52. Kf3 Rc3+ 53. Ke2 Kc5
54. Bc2 Nf5 55. Bxf5 gxf5 56. Rd3 Rxd3 57. Kxd3 Kb4 58. Kd4 Kxa4 59. Kxd5 Kxb5
0-1

[Event "SR 4. liga A21 2016/2017"]
[Site "?"]
[Date "2017.02.12"]
[Round "9.5"]
[White "Kastler, Peter"]
[Black "Piestansky, Jan"]
[Result "1/2-1/2"]
[WhiteElo "1752"]
[BlackElo "1640"]
[PlyCount "89"]
[EventDate "2016.??.??"]

1. d4 d5 2. c4 c6 3. Nc3 Bf5 4. e3 e6 5. Nf3 Nf6 6. cxd5 exd5 7. Bd3 Bxd3 8.
Qxd3 Bd6 9. O-O O-O 10. Bd2 Re8 11. Rac1 Ne4 12. g3 Nd7 13. Be1 Qf6 14. Kg2 Qe6
15. Nd2 Ng5 16. Ne2 Qh3+ 17. Kg1 Nf6 18. f3 Qh6 19. f4 Nge4 20. Nxe4 Nxe4 21.
Nc3 Re7 22. Nxe4 Rxe4 23. Bf2 Qh3 24. Rfe1 Bc7 25. b4 a6 26. a4 Qd7 27. Rc2 Rc8
28. Rec1 Re6 29. Rc5 Bd6 30. R5c2 Bxb4 31. Rb2 a5 32. Rcb1 Qe7 33. Kg2 h6 34.
Kf3 Rc7 35. Rc2 c5 36. dxc5 Rxc5 37. Rcb2 Rcc6 38. Be1 Bxe1 39. Rxe1 b6 40. Rb3
Qd6 41. Reb1 Rc4 42. Rb5 Rc5 43. Qb3 Rxb5 44. Qxb5 Qc6 45. Qd3 1/2-1/2

[Event "SR 4. liga A21 2016/2017"]
[Site "?"]
[Date "2017.02.12"]
[Round "9.5"]
[White "Kuracina, Lubomir"]
[Black "Papanek, Lubomir"]
[Result "1-0"]
[WhiteElo "1513"]
[BlackElo "1658"]
[PlyCount "57"]
[EventDate "2016.??.??"]

1. e4 e5 2. Nf3 Nc6 3. Bb5 a6 4. Bxc6 dxc6 5. h3 Bd6 6. d4 Qe7 7. a3 Nf6 8. Bg5
h6 9. dxe5 Bxe5 10. Bxf6 Qxf6 11. c3 Be6 12. O-O O-O 13. Qe2 Rad8 14. Nxe5 Qxe5
15. f4 Qc5+ 16. Rf2 Bc4 17. Qe1 Rd3 18. Nd2 Re3 19. Qc1 Rd3 20. b4 Qa7 21. Nxc4
Rfd8 22. Qe1 b5 23. Ne5 R3d6 24. Kh2 f6 25. Ng6 Rd3 26. Ne7+ Kh7 27. Nxc6 Rd1
28. Nxa7 Rxe1 29. Rxe1 1-0

[Event "SR 4. liga A21 2016/2017"]
[Site "?"]
[Date "2017.02.12"]
[Round "9.6"]
[White "Blatnicky, Miroslav"]
[Black "Sottnik, Filip"]
[Result "1-0"]
[WhiteElo "2107"]
[BlackElo "1697"]
[PlyCount "71"]
[EventDate "2016.??.??"]

1. e4 e5 2. Nf3 Nc6 3. Bb5 a6 4. Ba4 Nf6 5. O-O d6 6. Bxc6+ bxc6 7. d4 exd4 8.
Qxd4 Be7 9. Nc3 O-O 10. Bg5 h6 11. Bh4 Bb7 12. Rfe1 Nd7 13. Bxe7 Qxe7 14. Qb4
Rab8 15. Qa5 Nf6 16. e5 Ne8 17. exd6 Qxd6 18. Ne4 Qd8 19. Rad1 Qc8 20. Ne5 Ba8
21. Nd7 Rxb2 22. Nxf8 Rb5 23. Qa3 c5 24. Nd7 Bxe4 25. Rxe4 Nd6 26. Nxc5 Nxe4
27. Nxe4 Qd7 28. Qd3 Qe6 29. h3 c6 30. c4 Re5 31. Ng3 Ra5 32. Rb1 Qg6 33. Rb8+
Kh7 34. Qc3 Re5 35. f4 Re1+ 36. Kf2 1-0

[Event "SR 4. liga A21 2016/2017"]
[Site "?"]
[Date "2017.02.12"]
[Round "9.6"]
[White "Lackovic, Marek"]
[Black "Podjavorinsky, Michal"]
[Result "1/2-1/2"]
[WhiteElo "1630"]
[BlackElo "1848"]
[PlyCount "37"]
[EventDate "2016.??.??"]

1. e4 Nf6 2. Nc3 d5 3. exd5 Nxd5 4. Nxd5 Qxd5 5. Nf3 Bg4 6. Be2 e6 7. d4 c6 8.
Bf4 Nd7 9. O-O Be7 10. c3 O-O 11. Ne5 Bxe2 12. Qxe2 Nxe5 13. Qxe5 Bf6 14. Qxd5
cxd5 15. Rfe1 Rfc8 16. f3 b5 17. a3 Rc6 18. Kf2 a5 19. Rec1 1/2-1/2